000
00328nam a2200133Ia 4500
008
210312s9999||||xx |||||||||||||| ||und||
041
_a
osm
050
_a
DR576
050
_b
A23
100
_a
Abdullah Cevdet
245
0
_a
Uyanınız! Uyanınız!
260
_c
1908
650
_a
Tarih--Türkiye--Osmanlı devleti--Müslümanlar
999
_c
22373
_d
22373